Thể dục thể thao đối với vùng đồng bào các dân tộc thiểu số

Nội dung sách trình bày tổng hợp từ các quy định của pháp luật và sự chỉ đạo, quản lý cúa Nhà nước về thể dục thể thao, cùng với những kinh nghiệm thực tiễn công tác của tác giả và các cộng sự, giúp bạn đọc tìm hiểu chính sách và vạ...

সম্পূর্ণ বিবরণ

সংরক্ষণ করুন:
গ্রন্থ-পঞ্জীর বিবরন
প্রধান লেখক: Vũ Trọng Lợi
বিন্যাস: গ্রন্থ
ভাষা:Vietnamese
প্রকাশিত: H. Thể thao và du lịch 2021
বিষয়গুলি:
ট্যাগগুলো: ট্যাগ যুক্ত করুন
কোনো ট্যাগ নেই, প্রথমজন হিসাবে ট্যাগ করুন!
Thư viện lưu trữ: Thư viện Trường Đại học Nam Cần Thơ
LEADER 01848nam a22002417a 4500
001 NCT_134718
008 220603b xxu||||| |||| 00| 0 vie d
999 |c 6946  |d 6946 
020 |a 9786048509521  |c 40000 
082 0 4 |2 23rd ed.  |a 796  |b L462 
100 1 |a Vũ Trọng Lợi 
245 1 0 |a Thể dục thể thao đối với vùng đồng bào các dân tộc thiểu số  |c Vũ Trọng Lợi 
260 |a H.  |b Thể thao và du lịch  |c 2021 
300 |a 176 tr.  |c 21 cm  |b Minh họa 
520 3 |a Nội dung sách trình bày tổng hợp từ các quy định của pháp luật và sự chỉ đạo, quản lý cúa Nhà nước về thể dục thể thao, cùng với những kinh nghiệm thực tiễn công tác của tác giả và các cộng sự, giúp bạn đọc tìm hiểu chính sách và vận dụng kinh nghiệm.......được góp ý phê bình của quý độc giả....... 
653 |a Cơ bản 
942 |2 ddc  |c BK 
952 |0 0  |1 0  |2 ddc  |4 0  |6 796_000000000000000_L462  |7 0  |9 24848  |a 000001  |b 000001  |d 2022-06-03  |o 796 L462  |p MD.19553  |r 2022-06-03  |v 40000.00  |w 2022-06-03  |y BK 
952 |0 0  |1 0  |2 ddc  |4 0  |6 796_000000000000000_L462  |7 0  |9 24849  |a 000001  |b 000001  |d 2022-06-03  |o 796 L462  |p MD.19554  |r 2022-06-03  |v 40000.00  |w 2022-06-03  |y BK 
952 |0 0  |1 0  |2 ddc  |4 0  |6 796_000000000000000_L462  |7 0  |9 24850  |a 000001  |b 000001  |d 2022-06-03  |o 796 L462  |p MD.19555  |r 2022-06-03  |v 40000.00  |w 2022-06-03  |y BK 
952 |0 0  |1 0  |2 ddc  |4 0  |6 796_000000000000000_L462  |7 0  |9 24851  |a 000001  |b 000001  |d 2022-06-03  |o 796 L462  |p MD.19556  |r 2022-06-03  |v 40000.00  |w 2022-06-03  |y BK 
952 |0 0  |1 0  |2 ddc  |4 0  |6 796_000000000000000_L462  |7 0  |9 24858  |a 000001  |b 000001  |d 2022-06-03  |o 796 L462  |p MD.19570  |r 2022-06-03  |v 40000.00  |w 2022-06-03  |y BK 
980 |a Thư viện Trường Đại học Nam Cần Thơ